Moons of Uranus - Statistics

General Stats
  • This quiz has been taken 265 times
    87 since last reset
  • The average score is 17 of 29
Answer Stats
Answer % Correct
Titania
89%
Ariel
85%
Oberon
83%
Umbriel
81%
Miranda
80%
Puck
69%
S/2023 U 1
69%
S/2025 U 1
69%
Juliet
65%
Belinda
56%
Ophelia
56%
Bianca
54%
Cupid
54%
Desdemona
54%
Ferdinand
54%
Portia
54%
Rosalind
54%
Sycorax
54%
Cressida
52%
Mab
52%
Perdita
52%
Cordelia
50%
Francisco
50%
Margaret
50%
Prospero
50%
Stephano
48%
Caliban
46%
Setebos
46%
Trinculo
44%
No matching quizzes found
Score Distribution
Percent of People with Each Score
Percentile by Number Answered
Your Score History
You have not taken this quiz since the last reset